Oeuvres Completes de David Ricardo traduites en Français par MM. Constancio et Alc. Fonteyraud, augmentées des Notes de Jean-Baptiste Say, de Nouvelles Notes et de Commentaires par Malthus, Sismondi, MM. Rossi, Blanqui, etc

Saved in:
Bibliographic Details
Main Author: Ricardo, David (Author)
Format: Book
Language:French
Published: París Chez Guillaumin et Cie 1847
Edition:3a. ed
Subjects:
Tags: Add Tag
No Tags, Be the first to tag this record!

MARC

LEADER 00000nam a2200000 a 4500
001 UCJ8458
003 CL-VaPUC
008 070124e18470000FR |||||||||||||||||fre|d
082 0 4 |a 330.1  |b RIC  |2 21 
100 0 |a Ricardo, David  |e author  |9 412598 
245 1 0 |a Oeuvres Completes de David Ricardo traduites en Français par MM. Constancio et Alc. Fonteyraud, augmentées des Notes de Jean-Baptiste Say, de Nouvelles Notes et de Commentaires par Malthus, Sismondi, MM. Rossi, Blanqui, etc 
250 |a 3a. ed 
300 |a xlvii, 752 p 
942 |c BK 
945 |d 20070124 00:00:00  |a rinostro 
260 |a París  |b Chez Guillaumin et Cie  |c 1847 
600 0 |a Smith, Adam   |e autor   |9 345876 
600 0 |a Malthus, Thomas Robert,  |d 1766-1834  |9 862031 
600 0 7 |a FONTEYRAUD, ALCIDES  |2 CL-VaPUC  |9 517217 
600 0 7 |a BLANC, LUIS  |2 CL-VaPUC  |9 517218 
650 0 |a Economía   |9 255568 
650 7 |a BIOGRAFIA  |2 CL-VaPUC  |9 504622 
650 0 |a Comercio  |9 255341 
583 |a last modification  |c 20070124 00:00:00  |k Rodrigo Vera 
999 |c 324170  |d 324168 
952 |0 0  |1 0  |4 0  |6 330_100000000000000_RIC_1847  |7 0  |8 X  |9 404116  |a FDOBUD  |b FDOBUD  |d 2019-11-22  |i 1078240  |o 330.1 RIC 1847  |p 1078240  |r 2019-11-22  |w 2019-11-22  |y BK_X  |k BUD